000 00354nam a2200169Ia 4500
100 _aChristopher/E.M/ Smith
650 _aPhilosophy
942 _cBK
366 _f17.5
654 _aleadership
245 _aLeadership training
260 _bViva Books
_c2009
082 _a658.4092/CHR
_bchr
300 _a316
546 _aENGLISH
999 _c25605
_d25605